000 00530nam a22001932 4500
001 0000006139
005 20151217145829.0
008 070920s xx 000 0 eng d
020 _a8177585754 :
_cKES 2,700
040 _aKABU
_cKABU
100 1 _aLiu, Jane W. S.
_@0000157525
245 1 0 _aReal - time systems.
260 _aNew Delhi :
_bDorling,
_c2000.
300 _a624 p.
650 0 _aReal-time data processing.
_@0000151345
908 _a070920
950 _@1
999 _c3051
_d3051